000 00742nam0a22002411 4500
001 rc\2846273
005 20250529203642.0
035 _a(NLR Aleph) 007002092
090 _a5731274
_c5731274
100 _a20110701d1932 |||y0rusy50 ca
101 0 _arus
102 _aRU
105 _aa z |||||
200 1 _aСельмаш
_e[Стихи для детей младшего возраста]
_eРис. автора
_fЕвгений Пайн
210 _aТашкент
_cОгиз
_d1932
215 _a[12] с.
_cцв. ил.
_d21 см
300 _aНапеч. в Ташкенте
700 1 _aПайн
_bЕ.
_gЕвгений
801 0 _aRU
_bNLR
_gpsbo
801 1 _aRU
_bELAR
_2rusmarc
852 _aNLR
_j33-10/3164
942 _cBOOK
980 _aNB